Los jovenes construyen un nuevo país : (Registro nro. 30952)
[ vista simple ]
| 000 -LEADER | |
|---|---|
| fixed length control field | 00776nam a22002057a 4500 |
| 003 - CONTROL NUMBER IDENTIFIER | |
| control field | OSt |
| 005 - DATE AND TIME OF LATEST TRANSACTION | |
| control field | 20250213162846.0 |
| 008 - FIXED-LENGTH DATA ELEMENTS--GENERAL INFORMATION | |
| fixed length control field | 250213b |||||||| |||| 00| 0 spa d |
| 037 ## - SOURCE OF ACQUISITION | |
| Source of stock number/acquisition | Donación |
| 040 ## - CATALOGING SOURCE | |
| Original cataloging agency | CO-JMCR |
| Language of cataloging | spa |
| Transcribing agency | CO-JMCR |
| Modifying agency | CO-JMCR |
| Description conventions | rda |
| 041 0# - LANGUAGE CODE | |
| Language code of text/sound track or separate title | spa |
| 082 04 - DEWEY DECIMAL CLASSIFICATION NUMBER | |
| Edition number | 23 |
| Classification number | 305.23 |
| Item number | G14j |
| 100 1# - MAIN ENTRY--PERSONAL NAME | |
| Personal name | Galán Pachón, Juan Manuel, |
| Relator term | autor |
| 9 (RLIN) | 44087 |
| 245 14 - TITLE STATEMENT | |
| Title | Los jovenes construyen un nuevo país : |
| Remainder of title | Hacia una Política Publica de Juventud / |
| Statement of responsibility, etc. | Juan Manuel Galán Pachón; Germán Alberto Bula Escobar; Ana Milena Escobar Araujo. |
| 260 ## - PUBLICATION, DISTRIBUTION, ETC. | |
| Place of publication, distribution, etc. | Santa Fe de Bogotá: |
| Name of publisher, distributor, etc. | Ministerio de Educación Nacional, |
| Date of publication, distribution, etc. | 2000. |
| 300 ## - PHYSICAL DESCRIPTION | |
| Extent | 141 páginas : |
| Dimensions | 24 cm. |
| 700 1# - ADDED ENTRY--PERSONAL NAME | |
| Personal name | Bula Escobar, Germán Alberto, |
| 9 (RLIN) | 44088 |
| 700 1# - ADDED ENTRY--PERSONAL NAME | |
| Personal name | Escobar Araujo, Ana Milena, |
| 9 (RLIN) | 44089 |
| 942 ## - ADDED ENTRY ELEMENTS (KOHA) | |
| Source of classification or shelving scheme | Dewey Decimal Classification |
| Koha item type | Books |
| Withdrawn status | Lost status | Source of classification or shelving scheme | Damaged status | Not for loan | Collection code | Home library | Current library | Shelving location | Date acquired | Source of acquisition | Total Checkouts | Full call number | Barcode | Date last seen | Copy number | Price effective from | Koha item type |
|---|---|---|---|---|---|---|---|---|---|---|---|---|---|---|---|---|---|
| Dewey Decimal Classification | Non-fiction | Biblioteca Pública José María del Castillo y Rada | Biblioteca Pública José María del Castillo y Rada | Book Cart | 01/15/2024 | Donación | 305.23 G14j | 430000784 | 02/13/2025 | Ej.1 | 02/13/2025 | Books |